| 000 | 00000nam 2200000zi 4500 |
| 001 | 9.920856 |
| 003 | CaOODSP |
| 005 | 20230505093845 |
| 006 | m o d f |
| 007 | cr ||||||||||| |
| 008 | 230313t20222022onc o f000 0 eng d |
| 020 | |a9780660479941 |
| 040 | |aCaOODSP|beng|erda|cCaOODSP |
| 043 | |an-cn--- |
| 086 | 1 |aH164-347/1-2023E-PDF |
| 245 | 00|aGuidance on clinical evidence requirements for medical devices. |
| 264 | 1|aOttawa, ON : |bHealth Canada = Santé Canada, |c2022. |
| 264 | 4|c©2022 |
| 300 | |a1 online resource (iv, 23 pages) |
| 336 | |atext|btxt|2rdacontent |
| 337 | |acomputer|bc|2rdamedia |
| 338 | |aonline resource|bcr|2rdacarrier |
| 500 | |aIssued also in French under title: Ligne directrice sur les exigences en matière de preuves cliniques pour les instruments médicaux. |
| 650 | 0|aMedical instruments and apparatus|xStandards|zCanada. |
| 650 | 0|aMedical instruments and apparatus industry|xGovernment policy|zCanada. |
| 710 | 1 |aCanada. |bHealth Canada, |eissuing body. |
| 775 | 08|tLigne directrice sur les exigences en matière de preuves cliniques pour les instruments médicaux.|w(CaOODSP)9.920857 |
| 856 | 40|qPDF|s615 KB|uhttps://publications.gc.ca/collections/collection_2023/sc-hc/H164-347-1-2023-eng.pdf |
| 986 | |a220811 |